Total Quality Management : the route to improving performance /
Gespeichert in:
| 1. Verfasser: | |
|---|---|
| Format: | Buch |
| Sprache: | Englisch |
| Veröffentlicht: |
Oxford
Butterworth-Heinemann
1993 (reprint. 1995)
|
| Ausgabe: | 2nd Ed. |
| Schlagworte: | |
| Tags: |
Keine Tags, Fügen Sie das erste Tag hinzu!
|
MARC
| LEADER | 00000nam a22000003a 4500 | ||
|---|---|---|---|
| 001 | 0013489 | ||
| 003 | SK-STU | ||
| 005 | 20160322101151.1 | ||
| 007 | ta | ||
| 008 | 160322s ----xo-----e------000-0-----d | ||
| 020 | |a 0-7506-0993-1 | ||
| 040 | |a STU |b slo | ||
| 041 | 0 | |a eng | |
| 044 | |a xxk | ||
| 100 | 1 | |a Oakland, John S. |4 aut | |
| 245 | 1 | 0 | |a Total Quality Management : the route to improving performance / |c aut. John S Oakland |
| 250 | |a 2nd Ed. | ||
| 260 | |a Oxford |b Butterworth-Heinemann |c 1993 (reprint. 1995) | ||
| 300 | |a 463 p. | ||
| 650 | 0 | 7 | |a TQM |
| 996 | |b 284M086683 |c M*13855-1 |l MMKN |s A |a 24 |w 0013489_0001 | ||